MARC Record
Leader
003
BE-GnUNI
007
't'u
035
a| (MSK)310002254
084
a| I.GÉZA-SZOBEL.1
245
0
0
a| Géza-Szobel , 1905-1963 (vente Paris, Hôtel Drouot, 18.05.1971).
260
a| Paris :
b| Claude Robert,
c| 1971.
300
a| 24 :
b| ill.
546
a| Frans
500
a| Veilingcatalogus
600
1
7
a| Szobel, Géza.
2| z
852
4
b| MSK
c| MSK
j| I.GÉZA-SZOBEL.1
920
a| boek
001
000002247
005
20241224121600.0